Abril: Análisis y testimonios /

Đã lưu trong:
Chi tiết về thư mục
Tác giả chính: Bosch, Juan
Tác giả khác: Espaillat, José Cassá, Roberto Taveras, Fafa
Định dạng: Texto
Được phát hành: Santo Domingo: Alfa y Omega
Các nhãn: Thêm thẻ
Không có thẻ, Là người đầu tiên thẻ bản ghi này!

MARC

LEADER 00000 a a2200000 04500
001 24442
003
040
090 |a 166900  
100 |a Bosch, Juan  
245 |a Abril: Análisis y testimonios /  |c Juan Bosch 
260 |a Santo Domingo:   |b Alfa y Omega  
300 |a 175 p.   |b il.  
700 |a Espaillat, José   |a Cassá, Roberto   |a Taveras, Fafa  
999 |c 12522  |d 12522